Central Library OPAC University of Rajshahi

Collected shorter poems, 1930-1944./ (Record no. 77377)

MARC details
000 -LEADER
fixed length control field 00765cam a22002651 4500
001 - CONTROL NUMBER
control field 77377
003 - CONTROL NUMBER IDENTIFIER
rucl marc code BD-RjUL
005 - DATE AND TIME OF LATEST TRANSACTION
control field 20211209082950.0
008 - FIXED-LENGTH DATA ELEMENTS--GENERAL INFORMATION
fixed length control field 200319s1950 enk 000 0 eng
035 ## - SYSTEM CONTROL NUMBER
System control number (BD-RjUL)77602
System control number (OCoLC)3755168
040 ## - CATALOGING SOURCE
Original cataloging agency DLC
Transcribing agency TNJ
Modifying agency OCoLC
-- DLC
Language of cataloging eng
041 ## - LANGUAGE CODE
Language code of text/sound track or separate title eng
042 ## - AUTHENTICATION CODE
Authentication code premarc
082 ## - DEWEY DECIMAL CLASSIFICATION NUMBER
Classification number 821.91
Edition number 19
Author mark and year AUC 1950
100 1# - MAIN ENTRY--PERSONAL NAME
Personal name Auden, W. H.
Fuller form of name (Wystan Hugh),
Dates associated with a name 1907-1973.
9 (RLIN) 241097
245 00 - TITLE STATEMENT
Title Collected shorter poems, 1930-1944./
Statement of responsibility, etc. by W. H. Auden,
260 ## - PUBLICATION, DISTRIBUTION, ETC. (IMPRINT)
Place of publication, distribution, etc. London;
Name of publisher, distributor, etc. Faber and Faber ,
Date of publication, distribution, etc. [1950]
300 ## - PHYSICAL DESCRIPTION
Pagination 303 p.;
Size 21 cm.
650 ## - SUBJECT ADDED ENTRY--TOPICAL TERM
Topical term or geographic name as entry element English Poetry
9 (RLIN) 241098
906 ## - LOCAL DATA ELEMENT F, LDF (RLIN)
a 7
b cbc
c oclcrpl
d u
e ncip
f 19
g y-gencatlg
942 ## - ADDED ENTRY ELEMENTS (KOHA)
Source of classification or shelving scheme Dewey Decimal Classification
Koha item type Books
Holdings
Lost status Source of classification or shelving scheme Damaged status Not for loan Collection code Permanent Location Current Location Shelving location Date acquired Source of acquisition Cost, normal purchase price Total Checkouts Full call number Date last seen Copy number Koha item type
  Dewey Decimal Classification     Non-fiction Central Library, University of Rajshahi Central Library, University of Rajshahi   11/03/1964 Zeitlinger 21.00   821.91 AUC 1950 19/03/2020 C-2 Books